Fomento da povoação rural em Hespanha (Record no. 37617)

MARC details
000 -LEADER
campo de control de longitud fija 00742nam a2200193 i 4500
001 - NÚMERO DE CONTROL
campo de control 37617
003 - IDENTIFICADOR DE NÚMERO DE CONTROL
campo de control ES-MaACL
005 - FECHA Y HORA DE LA ÚLTIMA TRANSACCIÓN
campo de control 20250712063122.0
007 - CAMPO FIJO DE DESCRIPCIÓN FÍSICA--INFORMACIÓN GENERAL
campo de control de longitud fija t|
008 - DATOS DE LONGITUD FIJA--INFORMACIÓN GENERAL
campo de control de longitud fija 030221s1872 po ||||1| por d
100 1# - ENTRADA PRINCIPAL--NOMBRE DE PERSONA
Nombre de persona Caballero, Fermín,
Fechas asociadas al nombre 1800-1876
9 (RLIN) 33078
245 10 - MENCIÓN DEL TÍTULO
Título Fomento da povoação rural em Hespanha
Resto del título : Memoria premiada pela Academia de Sciencias moraes e politicas, no conenso de 1862 /
Mención de responsabilidad, etc. Fermin Caballero ; versâo portuguesa do Dr. Venancio Deslandes.
260 ## - PUBLICACIÓN, DISTRIBUCIÓN, ETC.
Lugar de publicación, distribución, etc. Lisboa :
Nombre del editor, distribuidor, etc. [s.n.],
Fecha de publicación, distribución, etc. 1872 (
Fabricante Imp. Nacional)
300 ## - DESCRIPCIÓN FÍSICA
Extensión VIII, 195 p. :
Otras características físicas 1 map. ;
Dimensiones 23 cm.
651 #7 - PUNTO DE ACCESO ADICIONAL DE MATERIA--NOMBRE GEOGRÁFICO
Nombre geográfico España-
Subdivisión general Condiciones rurales
Fuente del encabezamiento o término
9 (RLIN) 151813
700 1# - ENTRADA AGREGADA--NOMBRE PERSONAL
Nombre de persona Deslandes, Venancio.
9 (RLIN) 43889
852 ## - LOCALIZACIÓN
Ubicación ES-MaACL
Número de control de estantería G-7656
Holdings
Estatus retirado Estado de pérdida Estado de daño No para préstamo Colección Biblioteca de origen Biblioteca actual Ubicación en estantería Fecha de adquisición Fuente de adquisición Total de préstamos Signatura topográfica completa Código de barras Visto por última vez Precio de reemplazo Tipo de ítem Koha
        Libros del s. XIX Biblioteca del Ateneo de Madrid Biblioteca del Ateneo de Madrid Sala Pecera Planta 3 17/01/2008     G-7656 1039599 23/02/2023 23/02/2023 Libro impreso antiguo